00293nam a2200109Ia 4500008004100000020001800041100002600059245003700085250001100122260003700133650001300170240827s9999 xx 000 0 und d a9783642805325 aPeech And M.V.Tracey, 0aModern Methods Of Plant Analysis aLatest bSpringer –Verlag, Berlinc1956 aPharmacy